000 00790nam a22002657a 4500
005 20160127050610.0
006
008 081125s2008 nyua s 001 0 eng d
020 _a9780072263657 (alk. paper)
020 _a0072263652 (alk. paper)
041 0 _aeng
080 _a004
100 1 _aRuest, Danielle.
245 1 0 _aMicrosoft Windows server 2008
_cDanielle Ruest, Nelson Ruest.
256 _aComputer document.
260 _aNew York :
_bMcGraw-Hill,
_c2008
300 _a826 f.:
_bme il.;
_c23 cm
505 _aIndex: f. 787 - 826
630 0 0 _aMicrosoft Windows server.
650 0 _aKompjuterat
650 0 _aSistemi operativ
655 7 _aElectronic books.
700 1 _aRuest, Nelson.
_4aut
942 _2udc
_cBK
999 _c609
_d609